Dismissal of the naval chief : (Record no. 125569)

MARC details
000 -LEADER
fixed length control field 00700nam a22002177a 4500
005 - DATE AND TIME OF LATEST TRANSACTION
control field 20170124105957.0
010 ## - LIBRARY OF CONGRESS CONTROL NUMBER
LC control number B-019801
020 ## - INTERNATIONAL STANDARD BOOK NUMBER
Terms of availability 00.00
International Standard Book Number 818538428XII
035 ## - SYSTEM CONTROL NUMBER
System control number B-019801
037 ## - SOURCE OF ACQUISITION
Source of stock number/acquisition Cen Lib/Ret
040 ## - CATALOGING SOURCE
Original cataloging agency DPL
Language of cataloging EN
082 ## - DEWEY DECIMAL CLASSIFICATION NUMBER
Classification number 355.600954
Item number CHA
100 ## - MAIN ENTRY--PERSONAL NAME
Personal name Chakraborty, A. K.
9 (RLIN) 85580
245 ## - TITLE STATEMENT
Title Dismissal of the naval chief :
Statement of responsibility, etc by A. K. Chakraborty
Remainder of title arms deals expose /
260 ## - PUBLICATION, DISTRIBUTION, ETC. (IMPRINT)
Place of publication, distribution, etc Noida
Name of publisher, distributor, etc Trishul Publications
Date of publication, distribution, etc 1999
300 ## - PHYSICAL DESCRIPTION
Extent 240p. :
Dimensions 21cm(Hb)
Other physical details col.ill.
500 ## - GENERAL NOTE
General note Includes index.
650 ## - SUBJECT ADDED ENTRY--TOPICAL TERM
Topical term or geographic name as entry element Bhagwat, Vishnu, -- 1939-
9 (RLIN) 85581
650 ## - SUBJECT ADDED ENTRY--TOPICAL TERM
Topical term or geographic name as entry element India. -- Indian Navy -- History -- 20th century.
9 (RLIN) 14802
942 ## - ADDED ENTRY ELEMENTS (KOHA)
Source of classification or shelving scheme Dewey Decimal Classification
Koha item type English Books
Classification part 355.600954
Call number suffix CHA
Holdings
Withdrawn status Lost status Damaged status Not for loan Home library Current library Date acquired Source of acquisition Cost, normal purchase price Total Checkouts Full call number Barcode Date last seen Copy number Cost, replacement price Price effective from Koha item type Public note
Written off       Central Library Central Library 22/06/2015 Cen Lib/Ret 0.00   355.600954 CHA B-019801 22/06/2015 1 0.00 22/06/2015 English Books W/d List No. 6891/25; dtd 14/09/2020

© Delhi Public Library
Hit Counter
free hit counter